| 000 | 00686nam a22002297a 4500 | ||
|---|---|---|---|
| 003 | BD-DhJNU | ||
| 005 | 20241119071250.0 | ||
| 008 | 241119b |||||||| |||| 00| 0 eng d | ||
| 020 | _a9780192854148 | ||
| 040 |
_aBD-DhJNU _bENG _cBD-DhJNU _dBD-DhJNU |
||
| 082 |
_223 _a193 TAN |
||
| 100 | _aTanner, Michael | ||
| 245 |
_aNietzsche : _ba very short introduction / _cMichael Tanner |
||
| 260 |
_aNew York : _bOxford University Press, _c2000. |
||
| 300 |
_a113p. : _bill. ; _c18 cm. |
||
| 490 | _aVery short introductions, 34 | ||
| 504 | _aIncludes bibliographical references and index | ||
| 650 | _aGermany | ||
| 650 | _aNonfiction | ||
| 650 | _aPhilosophers | ||
| 942 |
_2ddc _cBK _n0 |
||
| 999 |
_c945 _d945 |
||